| 000 | 01034nam a2200301 c 4500 | ||
|---|---|---|---|
| 003 | BLK | ||
| 005 | 20250726112452.0 | ||
| 008 | 180408b bul|||||r ||||||| ||bul|| | ||
| 010 | _aKNG00085324000 | ||
| 020 | _a9786197455243 | ||
| 040 | _aBLK | ||
| 041 |
_aBUL _cBUL |
||
| 080 |
_aФинландска литература _b821.511.111 _x-93-31 _z821.511.111-93-31 |
||
| 100 | 1 |
_aЯнсон, Туве _eпърви автор _9365645 |
|
| 139 |
_aЯнсон, Туве _bЯ 67 |
||
| 245 | 1 | 0 |
_aМумин и златното копче _cТуве Янсон; прев. Милена Милева - Фено; ил. Туве Янсон. |
| 257 | _aFIN | ||
| 260 |
_bTimelines _c2019 _9392712 |
||
| 300 |
_a26 с. _bс ил. _c27 см |
||
| 380 | _aDX | ||
| 700 |
_aМилева-Фено, Милена Маринова _eпрев. _9401109 |
||
| 852 |
_aЦб ІІ 32509 _bЦб |
||
| 852 |
_bД _cДХ 820/899/Я 67 |
||
| 856 | 4 | _qpdf | |
| 856 | 4 | _qpdf | |
| 942 |
_cKNG _n0 _s1 _011 |
||
| 944 |
_aED _lМоника Янева _k30570 |
||
| 999 |
_c346842 _d346842 |
||